| 000 | 00334nam a22001217a 4500 | ||
|---|---|---|---|
| 040 | _cDLC | ||
| 082 | _a823 SAM 1965 A111 Or. | ||
| 100 | 0 | _aEx-Légionnaire 1384. | |
| 245 | 1 | 0 | _aSpies of the Sahara / |
| 260 |
_aLondon : _bSampson Low, Marston & Co., _c[1965?] |
||
| 300 |
_a280 p., [7] leaves of plates : _bill. ; _c23 cm. |
||
| 942 | _cEK | ||
| 999 |
_c17199 _d17199 |
||